| 000 | 00796nam a2200241Ia 4500 | ||
|---|---|---|---|
| 005 | 20161101082322.0 | ||
| 008 | 130821s2008 sp gr 1 spa d | ||
| 020 | _a9788420633114 | ||
| 040 |
_aCo-BoUCM _bspa _cSandra Palacio (modificó) _d[Nuevo] |
||
| 041 | 0 | 0 | _aspa |
| 100 | 1 |
_aBorges, Jorge Luis _d1899-1986 _933256 |
|
| 245 | 1 | 3 |
_aEl aleph _cJorge Luis Borges |
| 260 |
_aMadrid (España) _bAlianza _c2008 |
||
| 300 | _a203 páginas | ||
| 490 | 0 |
_aEl libro de bolsillo _v3460001 |
|
| 500 | _aIncluye índice | ||
| 650 | 0 | 4 |
_aLiteratura argentina _918607 |
| 650 | 2 | 7 |
_aCiencia ficción _910774 _xLitaeratura |
| 650 | 2 | 7 |
_aNovela argentina _920467 |
| 690 |
_aLiteratura latinoamericana _918700 |
||
| 942 |
_cLIBRO _a18 _e1 _kA _mB732a _2DEWEY _h863.42 |
||
| 999 |
_c61185 _d61185 |
||